Demand for out-of-town retail space (Record no. 69072)

MARC details
000 -LEADER
fixed length control field 00752cam a2200205 4500
001 - CONTROL NUMBER
control field WB3747-12
008 - FIXED-LENGTH DATA ELEMENTS--GENERAL INFORMATION
fixed length control field 011211n2001 000 0 eng u
035 ## - SYSTEM CONTROL NUMBER
System control number (Sirsi) u115946
245 ## - TITLE STATEMENT
Title Demand for out-of-town retail space
260 ## - PUBLICATION, DISTRIBUTION, ETC.
Date of publication, distribution, etc. 2001
490 ## - SERIES STATEMENT
Series statement Retail Week
Volume/sequential designation 7 December 2001, 28(1)
520 ## - SUMMARY, ETC.
Summary, etc. The latest quarterly bulletin from FPD Savills indicates that declining retailer confidence has hit demand for out-of-town retail space. The rate of rental growth has slowed from 5% at the start of 2001 to 2.3% at the end of September 2001.
590 ## - LOCAL NOTE (RLIN)
Local note WB
650 ## - SUBJECT ADDED ENTRY--TOPICAL TERM
Topical term or geographic name entry element FPD SAVILLS
650 ## - SUBJECT ADDED ENTRY--TOPICAL TERM
Topical term or geographic name entry element SURVEY
650 ## - SUBJECT ADDED ENTRY--TOPICAL TERM
Topical term or geographic name entry element OUT-OF-TOWN RETAIL
650 ## - SUBJECT ADDED ENTRY--TOPICAL TERM
Topical term or geographic name entry element DEMAND
690 ## - LOCAL SUBJECT ADDED ENTRY--TOPICAL TERM (OCLC, RLIN)
Topical term or geographic name as entry element PROPERTY-COMMERCIAL PROPERTY-RETAIL PROPERTY
942 ## - ADDED ENTRY ELEMENTS (KOHA)
Suppress in OPAC 0
Holdings
Withdrawn status Lost status Source of classification or shelving scheme Damaged status Not for loan Home library Current library Shelving location Date acquired Total Checkouts Full call number Barcode Date last seen Copy number Price effective from Koha item type
    Dewey Decimal Classification     London London News article 11/12/2001   WB3747-12 115946-1001 06/08/2019 1 06/08/2019 News article